<?xml version="1.0" encoding="UTF-8"?>
<record
    xmlns:xsi="http://www.w3.org/2001/XMLSchema-instance"
    xsi:schemaLocation="http://www.loc.gov/MARC21/slim http://www.loc.gov/standards/marcxml/schema/MARC21slim.xsd"
    xmlns="http://www.loc.gov/MARC21/slim">

  <leader>00927nam a2200205 i 4500</leader>
  <controlfield tag="001">49236</controlfield>
  <controlfield tag="003">ES-MaACL</controlfield>
  <controlfield tag="005">20231224062919.0</controlfield>
  <controlfield tag="007">t|</controlfield>
  <controlfield tag="008">030711s1912    sp           ||||1| spa d</controlfield>
  <datafield tag="100" ind1="1" ind2=" ">
    <subfield code="a">Cortejarena y Aldeb&#xF3;, Francisco de,</subfield>
    <subfield code="d">1835-1919</subfield>
    <subfield code="9">145203</subfield>
  </datafield>
  <datafield tag="245" ind1="1" ind2="0">
    <subfield code="a">Acci&#xF3;n social moderna ante la tuberculosis / </subfield>
    <subfield code="c">comunicaci&#xF3;n del dr. Francisco de Cortejarena y Aldev&#xF3; le&#xED;da y discutida en la Secci&#xF3;n el d&#xED;a 12 de septiembre.</subfield>
  </datafield>
  <datafield tag="260" ind1=" " ind2=" ">
    <subfield code="a">Madrid : </subfield>
    <subfield code="b">[s.n.], </subfield>
    <subfield code="c">1912 (</subfield>
    <subfield code="f">Impr. de los sucesores de Enrique Teodoro)</subfield>
  </datafield>
  <datafield tag="300" ind1=" " ind2=" ">
    <subfield code="a">16 p. ; </subfield>
    <subfield code="c">20 cm.</subfield>
  </datafield>
  <datafield tag="500" ind1=" " ind2=" ">
    <subfield code="a">Extraido de "El Siglo M&#xE9;dico"</subfield>
  </datafield>
  <datafield tag="594" ind1=" " ind2=" ">
    <subfield code="a">Precede al t&#xED;t.: II Congreso Espa&#xF1;ol Internacional de la Tuberculosis, 9 al 16 de septiembre de 1912, San Sebasti&#xE1;n, Secci&#xF3;n Septima.</subfield>
  </datafield>
  <datafield tag="650" ind1=" " ind2="4">
    <subfield code="a">Tuberculosis-</subfield>
    <subfield code="x">Prevenci&#xF3;n.</subfield>
    <subfield code="9">139265</subfield>
  </datafield>
  <datafield tag="852" ind1=" " ind2=" ">
    <subfield code="a">ES-MaACL</subfield>
    <subfield code="j">T-1326-F-1 </subfield>
    <subfield code="z">.- Ded. manuscrita del autor</subfield>
  </datafield>
  <datafield tag="999" ind1=" " ind2=" ">
    <subfield code="c">49236</subfield>
    <subfield code="d">49236</subfield>
  </datafield>
  <datafield tag="952" ind1=" " ind2=" ">
    <subfield code="0">0</subfield>
    <subfield code="1">0</subfield>
    <subfield code="2">udc</subfield>
    <subfield code="4">0</subfield>
    <subfield code="7">0</subfield>
    <subfield code="8">Colecci&#xF3;n_de_folletos</subfield>
    <subfield code="a">ATENEOM</subfield>
    <subfield code="b">ATENEOM</subfield>
    <subfield code="c">DEPOF</subfield>
    <subfield code="d">2008-01-17</subfield>
    <subfield code="l">0</subfield>
    <subfield code="o">T-1326-F-1</subfield>
    <subfield code="p">1051811</subfield>
    <subfield code="r">2023-02-23 00:00:00</subfield>
    <subfield code="w">2023-02-23</subfield>
    <subfield code="y">FOLLETOS</subfield>
    <subfield code="z">Dedicatoria aut&#xF3;grafa del autor</subfield>
  </datafield>
</record>
